000
00339nam a2200169Ia 4500
100
_a
Ross/Sheldon M
650
_a
Probability
490
_v
10
942
_c
BK
366
_f
25
245
_a
Probability Models
260
_b
Elsevier
_c
2010
082
_a
519.2
_b
ROS
300
_a
784
546
_a
ENGLISH
_c
production
999
_c
30739
_d
30739